000 00528nam a2200157Ia 4500
008 151213s9999 xx 000 0 und d
100 _aআজিজুল হক।
245 _aবাংলাদেশ : সমাজ ও রাজনীতি।
_cআজিজুল হক।
250 _a১ম সং
260 _aঢাকা
_bঢাকা কম্পিউটার।
_c1992
300 _a4434 p.
650 _aBangla
650 _aরাজনীতি
700 _aআজিজুল হক।
999 _c2809
_d2809